A-Z Which country is northernmost? - Statistics

General Stats
  • This quiz has been taken 51 times
  • The average score is 21 of 24
Answer Stats
Hint Answer Latitude % Correct
C Canada 81°51 N
97%
E Estonia 59°48 N
95%
F Finland 70°05 N
95%
D Greenland(Denmark) 83°30 N
95%
R Russia 81°51 N
95%
Y Yemen 18°59 N
95%
O Oman 26°30 N
92%
Q Qatar 26°09 N
92%
S Sweden 69°04 N
92%
G Germany 55°03 N
89%
H Hungary 48°35 N
89%
I Iceland 66°79 N
89%
J Japan 45°33 N
89%
K Kazakhstan 55°43 N
89%
L Latvia 58°05 N
89%
P Poland 54°50 N
89%
U United states 71°23 N
89%
M Mongolia 52°09 N
87%
N Norway 80°49 N
87%
Z Zambia 08°14 S
87%
V Vatican 41°54 N
84%
B Belarus 56°08 N
82%
A Austria 49°01 N
76%
T Turkmenistan 42°50 N
66%
No matching quizzes found
Score Distribution
Percent of People with Each Score
Percentile by Number Answered
Your Score History
You have not taken this quiz